00583nam a2200205Ia 4500008004100000020001800041050001700059050001400076100002700090245004400117245003000161245007200191260001700263260002500280260000900305300001600314300002000330300001100350650001600361160404s9999 xx 000 0 und d a971-08-6581-1 aFIL HF 5635  b.C48 2005 aChua, Manuel C.M., Jr. aFundamentals of accounting principles : btheory and applications / cManuel C.M. Chua, Jr., Teofisto P. Arenas, Francis M. C. Villarina. aMandaluyong: bNational Book Store, c2006 a507 pages : billustrations ; c25 cm. aAccounting.